Aktivny dvojhmotový zotrvačník

Saved in:
Bibliographic Details
Main Author: Sloboda, Karol (Author)
Other Authors: Magdolen, Ľuboš (Thesis advisor)
Format: Manuscript Book
Language:Slovak
Published: 2023
Subjects:
Online Access:http://is.stuba.sk/zp/portal_zp.pl?podrobnosti=165994
Tags: Add Tag
No Tags, Be the first to tag this record!

MARC

LEADER 00000ntm a22000003a 4500
001 stuzp82184
003 SK-STU
005 20230909210657.0
007 ta
008 150427s2015----xo-----f-mn---000-0-slo-d
040 |a STU  |b slo 
041 0 |a slo 
100 1 |a Sloboda, Karol  |u 020030  |k Z9  |4 aut  |U SjF Strojnícka fakulta  |T SjF Ústav dopravnej techniky a konštruovania  |X 42074  |U J0030  |Y 806  |7 A000042074 
242 0 1 |a Active dual-mass flightwheel  |y eng 
245 1 0 |a Aktivny dvojhmotový zotrvačník 
260 |c 2023 
650 4 |a Torzné kmitanie  |2 slo 
650 4 |a Fuzzy logika  |2 slo 
650 4 |a Dvojhmotový zotrvačník  |2 slo 
650 4 |a Dual mass flywheel  |2 eng 
650 4 |a Torsional vibrations  |2 eng 
650 4 |a Fuzzy logic  |2 eng 
700 1 |a Magdolen, Ľuboš  |u 020030  |k Z1  |4 ths  |U SjF Strojnícka fakulta  |T SjF Ústav dopravnej techniky a konštruovania  |X 2362  |U J0030  |Y 806  |7 A00002362 
856 4 |u http://is.stuba.sk/zp/portal_zp.pl?podrobnosti=165994 
996 |b 284J047235  |c J* 119477  |l JJSK  |s P  |a 0  |w stuzp82184_0001